000 00389nam a22001697a 4500
003 OSt
008 230328b |||||||| |||| 00| 0 eng d
020 _a9788131524947
082 _a658.4092
100 _aDUBRIN, Andrew J
245 _aPrinciples of Leadership
250 _a7th Ed
260 _aNew Delhi
_bCangage
_c2015
300 _a534
650 _aLeadership
942 _2ddc
_cREF
999 _c11919
_d11919